00730nam a2200181 i 450000100060000000300090000600500170001500700030003200800410003524500240007626000400010030000500014049000240019050502720021465000170048683000240050385200210052775315ES-MaACL20250724094352.0t|040923m19691970sp ab |||| | spa d00aGran Atlas Aguilar. a[Madrid] : bAguilar, c[1969-1970] a3 v. : bprincipalmente mapas col. ; c50 cm.1 aSumma cartographica8 aContiene: I ; tEuropa, Norte de Asia - II ; tSur de Asia, África, Oceanía, América, mapas generales, mapas temáticos - III ; tÍndice de topónimos, sistemas de transcripción, abreviaturas utilizadas en los mapas, relación de términos geográficos 7aAtlas2embne0 aSumma cartographica aES-MaACLjB-7747